Truyện ngắn 2

Đã lưu trong:
書目詳細資料
主要作者: Nguyễn Khải
格式: 圖書
語言:Undetermined
出版: H. Hội Nhà Văn 2003
主題:
標簽: 添加標簽
沒有標簽, 成為第一個標記此記錄!
Thư viện lưu trữ: Trung tâm Học liệu Trường Đại học Cần Thơ
LEADER 00532nam a2200205Ia 4500
001 CTU_58876
008 210402s9999 xx 000 0 und d
020 |b 46000 
082 |a 895.922301 
082 |b Kh103/T2 
100 |a Nguyễn Khải 
245 0 |a Truyện ngắn 2 
245 0 |c Nguyễn Khải 
260 |a H. 
260 |b Hội Nhà Văn 
260 |c 2003 
650 |a short stories, vietnamese 
650 |y 21st century 
904 |i Minh 
980 |a Trung tâm Học liệu Trường Đại học Cần Thơ